Diplomatic Missions of Bhutan - Statistics

General Stats
  • This quiz has been taken 51 times
  • The average score is 11 of 16
Answer Stats
Mission Answer % Correct
Country India
100%
Embassy New Delhi
97%
Consulate-General Kolkata
88%
Permanent Mission New York City
88%
Country Thailand
85%
Embassy Bangkok
82%
Country Bangladesh
82%
Permanent Mission Geneva
79%
Embassy Dhaka
76%
Country Australia
70%
Embassy Canberra
70%
Country Belgium
39%
Embassy Brussels
39%
Country Kuwait
21%
Embassy Kuwait City
21%
Consulate-General Guwahati
15%
No matching quizzes found
Score Distribution
Percent of People with Each Score
Percentile by Number Answered
Your Score History
You have not taken this quiz